| 000 | 01653nam2a22002531 4500 | ||
|---|---|---|---|
| 001 | RU\NLR\INFOCOMM4\1000576122 | ||
| 005 | 20250617110050.0 | ||
| 035 | _a(NLR Aleph) 002560857 | ||
| 090 |
_a3103013 _c3103013 |
||
| 100 | _a20040519d1960 |||y0rusy50 ca | ||
| 101 | 0 | _arus | |
| 102 | _aRU | ||
| 105 | _ay ||||||||| | ||
| 200 | 1 |
_aРазработка и усовершенствование кинопроекционной аппаратуры _fХ. А. Добромыслина _gКинотехн. лаборатория Раздел "а" темы №117 плана НИР 1959 г.: "Исследование и разработка новых систем кулисномальтийских механизмов для 35 мм кинопроекторов, обеспечивающих увеличение коэффициента пропускания обтюратора" |
|
| 210 |
_d1960 _aБ. м. |
||
| 461 | 0 |
_1001RU\NLR\INFOCOMM4\1000576061 _12001#$aНаучно-технический отчет$fМ-во культуры СССР. Всесоюз. науч.-исслед. кино-фото ин-т НИКФИ$vВып.285 _93102519 _aНаучно-исследовательский кино-фото институт (Москва) _cМ. _d1957-1963 _fМ-во культуры СССР. Всесоюз. науч.-исслед. кино-фото ин-т НИКФИ _tНаучно-технический отчет _vВып.285 |
|
| 700 | 1 |
_aДобромыслина _bХ. А. _4070 |
|
| 801 | 1 |
_aRU _bInfoComm _c20040519 |
|
| 801 | 0 |
_aRU _bNLR _gPSBO |
|
| 852 |
_aNLR _jП11/1278 |
||
| 942 | _cISSUE | ||
| 980 | _aNB | ||
| 980 | _aRUSPER | ||